000 00312nam a2200121Ia 4500
008 190216s9999||||xx |||||||||||||| ||und||
100 _aBill Reddin &denis Ryan
245 0 _aHand Book Of Management By Objectives
260 _bMannora Publications
_c1998
300 _a389p
650 _aCommerce
942 _cBK
999 _c5387
_d5387